000 00950nac a22002171u 4500
020 _a0199290954
082 _a362.87
_bSTA
090 _c8473
_d8473
100 _a20080729
245 0 0 _astate of the world's refugees /
_cHuman displacement in the new millennium.
260 _aNew York :
_bOxford University Press,C.2006.
_cC.2006.
300 _a237:
_bill;
_c25cm.
500 _aDescription based on: 2006.
500 _aDistributer: Al-Ahram.
511 _aCatalogued By: Mahitab.
650 _aOffice of the United Nations High Commissioner for Refugees--History--20th century.
650 _aRefugees--International cooperation--History--20th century.
650 _aHumanitarian assistance--History--20th century.
650 _aRefugees--Legal status, laws, etc.--History--20th century.
942 _cBB
_k362.87 STA
999 _c8473
_d8473